000 01015nmm a2200325 a 4500
003 AR-BaBNM
005 20251128211512.0
008 124120s1999 ||||||||||||||000 | spa||
020 _a987-9216-79-2
040 _cAR-BaBNM
100 1 _aVillaverde de Nessier, María del Carmen
245 1 0 _aBichos y dichos
_bcuentos, leyendas y ecociencia de las regiones Centro y Litoral de nuestro país. Hacia el conocimiento transversal en la EGB
_n1
250 _a1ª ed.
260 _aBuenos Aires
_bAmeghino
_c1999
300 0 _a69 p.
_bmapas, il.
504 _aContiene referencias bibliográficas
650 4 _aLITERATURA ARGENTINA
650 4 _aCUENTOS DE ANIMALES
650 4 _aLITERATURA POPULAR
650 4 _aLITERATURA FOLKLORICA
650 4 _aTRADICION ORAL
650 4 _aFABULAS
650 4 _aFOLKLORE
650 4 _aLEYENDAS
650 4 _aABORIGENES ARGENTINOS
700 1 _aColuccio, Félix
_eprologuista
700 1 _aPeña, Martín de la
_esupervisor
942 _cBK
998 _cEugenia
999 _c19928
_d19928